Soluciones sanitarias básicas : (Record no. 20237)

MARC details
000 -CABECERA
campo de control de longitud fija 00926nam a2200253 4500
003 - IDENTIFICADOR DEL NÚMERO DE CONTROL
campo de control OSt
005 - FECHA Y HORA DE LA ÚLTIMA TRANSACCIÓN
campo de control 20260601171005.0
008 - DATOS DE LONGITUD FIJA--INFORMACIÓN GENERAL
campo de control de longitud fija 260504b2009\\\\mx\a||||\||||\00|\0\spa\d
020 ## - NÚMERO INTERNACIONAL ESTÁNDAR DEL LIBRO
Número Internacional Estándar del Libro 6077856061
040 ## - FUENTE DE LA CATALOGACIÓN
Centro catalogador/agencia de origen ICI
Lengua de catalogación spa
Centro/agencia transcriptor ICI
041 ## - CÓDIGO DE LENGUA
Código de lengua del texto/banda sonora o título independiente spa
050 ## - SIGNATURA TOPOGRÁFICA DE LA BIBLIOTECA DEL CONGRESO
Número de clasificación TD927
Número de documento/Ítem M337
100 #1 - ENTRADA PRINCIPAL--NOMBRE DE PERSONA
Nombre de persona Madrigal Gúzman, Fernando
9 (RLIN) 32091
245 #1 - MENCIÓN DE TÍTULO
Título Soluciones sanitarias básicas :
Resto del título con tecnología alterna en el altiplano potosino : Método de trabajo para readaptar objetos de diseño en áreas rurales /
Mención de responsabilidad, etc. Fenando Madrigal Gúzman.
264 ## - PRODUCCIÓN, PUBLICACIÓN, DISTRIBUCIÓN, FABRICACIÓN Y COPYRIGHT
Nombre del de productor, editor, distribuidor, fabricante Universidad Autónoma de San Luis Potosí,
Fecha de producción, publicación, distribución, fabricación o copyright 2009
Producción, publicación, distribución, fabricación y copyright San Luis Potosí :
300 ## - DESCRIPCIÓN FÍSICA
Extensión 115 páginas
Otras características físicas ilustraciones ;
Dimensiones 28 cm
336 ## - TIPO DE CONTENIDO
Término de tipo de contenido texto
Fuente rdacontent
337 ## - TIPO DE MEDIO
Nombre/término del tipo de medio sin medio
Fuente rdamedia
338 ## - TIPO DE SOPORTE
Nombre/término del tipo de soporte volumen
Fuente rdacarrier
500 ## - NOTA GENERAL
Nota general Incluye bibliografía.
650 ## - PUNTO DE ACCESO ADICIONAL DE MATERIA--TÉRMINO DE MATERIA
Fuente del encabezamiento o término Armarc-ma
Término de materia o nombre geográfico como elemento de entrada Calidad de vida.
9 (RLIN) 32092
650 ## - PUNTO DE ACCESO ADICIONAL DE MATERIA--TÉRMINO DE MATERIA
Término de materia o nombre geográfico como elemento de entrada Diseño industrial
Subdivisión general Investigaciones.
9 (RLIN) 32093
942 ## - ELEMENTOS DE PUNTO DE ACCESO ADICIONAL (KOHA)
Fuente del sistema de clasificación o colocación Library of Congress Classification
Tipo de ítem Koha Libros

No items available.